000 00608cam a2200169K 4500
082 0 4 _a671
_bTUS
_cL-17, P-70
100 1 _aTustison, Francis Elwood,
_945013
245 1 0 _aMetalwork essentials
_cby F.E. Tustison and Ray F. Kranzusch.
260 _aNew York, Chicago etc.
_bBruce Pub. Co.,
_c1936.
300 _a1 online resource (xii, p., 1 1., 176 p.)
_billus., diagrs.
526 _a0
_b0
_c0
_d671_000000000000000_TUS
650 0 _aMCE
_9379
650 0 _aMetal-work.
_934700
700 1 _aKranzusch, Ray F.
_945014
856 4 0 _uhttp://catalog.hathitrust.org/api/volumes/oclc/1615303.html
942 _2ddc
_cBK
999 _c548626
_d548626